Statistiques concernant Disney paroles - Les Harpies (Cendrillon)

Cliquez ici pour prendre le quiz!

Statistiques générales

  • Ce quiz a été pris 211 fois
  • Le résultat moyen est 142 sur 186

Statistiques - réponses

Réponse% Correct
la
99%
ce
97%
Ce
97%
de
97%
et
97%
Et
97%
le
97%
tout
97%
ça
96%
pas,
96%
pas
96%
Cendrillon
95%
Cendrillon !
95%
Cendrillon...
95%
Cendrillon !!!
95%
journée
95%
toute
95%
les
94%
n'arrête
94%
patata,
94%
Patati
94%
à
92%
a
92%
C'est
92%
c'est
92%
faire
92%
faire,
92%
faire !
92%
ménage,
92%
repassage,
91%
se
90%
va
90%
Harpies
86%
harpies
86%
l'esclavage.
86%
On
86%
on
86%
vraiment
86%
cuisine,
85%
peut
85%
Elle
84%
elle
84%
vaisselle,
84%
faut
82%
Faut
82%
mettent
82%
Dès
81%
des
81%
brailler.
79%
Quand
79%
quand
79%
temps
79%
jamais,
77%
jamais
77%
jolie,
77%
jolie
77%
plus
77%
reposer,
77%
lavage.
75%
sera
75%
un
75%
manière,
74%
qu'elle
74%
robe
74%
sans
74%
ses
74%
soir
74%
dans
73%
doit
72%
l'art
72%
s'arrêter.
72%
une
72%
Pour
71%
sorcier
71%
amis.
70%
couturière
70%
d'être
70%
n'est
70%
par
70%
travailler
70%
satin.
68%
en
67%
faite
66%
Pauvre
65%
ruban
65%
coudre !
63%
affaire.
62%
aiguille
62%
aller !
62%
aller,
62%
ciseaux !
62%
feu
62%
cachette
61%
ira
60%
vous
60%
y
60%
danser
58%
Avec
56%
j'ai
55%
non,
55%
Non
55%
Moi
54%
trouvé
54%
finit.
52%
Tous
51%
qui
50%
ruche
50%
aux
48%
moment
47%
femmes
46%
allez,
45%
Allez,
45%
fanfreluches.
42%
petit
42%
vrais
42%
trois
41%
noeud
40%
coquin,
39%
pots
39%
crient,
38%
crient
38%
piste
38%
Ouais
33%
d'colle !
31%
traînasser,
31%
Oui !
25%
arriver !Non
3%

Distribution des résultats

Percentile par nombre de réponses

% des personnes avec chaque résultat

Votre développement - résultats

Vous n’avez pas pris ce quiz